| 000 | 00479nam a2200157 i 4500 | ||
|---|---|---|---|
| 001 | 45919 | ||
| 003 | ES-MaACL | ||
| 005 | 20230906161311.0 | ||
| 007 | t| | ||
| 008 | 030327s1914 xxk ||||1| eng d | ||
| 100 | 1 |
_aCole, Grenville A. T. _939564 |
|
| 245 | 1 | 4 |
_aThe growth of Europe / _cby Grenville A. T. Cole. |
| 260 |
_aLondon : _bWilliams and Norgate, _c[1914] ( _eLondon : _fBungay-Richard Clay Sons) |
||
| 300 |
_aVI, 256 p. : _bil. ; _c17 cm. |
||
| 852 |
_aES-MaACL _jC-2744 |
||
| 999 |
_c45919 _d45919 |
||